Set theory and logic /
Guardado en:
| Autor Principal: | |
|---|---|
| Formato: | Libro |
| Idioma: | English |
| Publicado: |
San Francisco :
W. H. Freeman,
c1961, c1963.
|
| Series: | A series of undergraduate books in mathematics
|
| Etiquetas: |
Agregar Etiqueta
Sin Etiquetas, Sea el primero en etiquetar este registro!
|
| LEADER | 00557nam a22001695a 4500 | ||
|---|---|---|---|
| 001 | MAT.inmabb001235 | ||
| 008 | 031121s1963####cau###########000#0#eng#d | ||
| 005 | 20190326165416.0 | ||
| 245 | 1 | 0 | |a Set theory and logic / |c by Robert R. Stoll. |
| 246 | 1 | 4 | |a Introduction to set theory and logic |
| 260 | |a San Francisco : |b W. H. Freeman, |c c1961, c1963. | ||
| 300 | |a xiv, 474 p. ; |c 24 cm. | ||
| 440 | 2 | |a A series of undergraduate books in mathematics | |
| 510 | 4 | |a MR, |c 30 #11 | |
| 100 | 1 | |a Stoll, Robert R. | |
| 084 | |a 03-01 |2 msc2010 | ||
| 859 | |h 03 |i St875 |p A-1417 |b BIB. MATEMATICA | ||
